| 000 | 00570 a2200217 4500 | ||
|---|---|---|---|
| 005 | 20260317092018.0 | ||
| 008 | 260316b |||||||| |||| 00| 0 eng d | ||
| 020 |
_a9789369562793 _cRs. 1495.00 |
||
| 040 | _aMAIN | ||
| 082 |
_a621.36 _bG181F |
||
| 100 | _aGarg, Pradeep K | ||
| 245 | _aFundamentals of lidar remote sensing | ||
| 260 |
_bB S Publications _c2026 _aHyderabad |
||
| 300 | _ax, 265 | ||
| 650 | _aEngineering | ||
| 650 | _aApplies Physics | ||
| 650 | _aOptical Electronics | ||
| 650 | _aLaser Technology | ||
| 700 | _aTiwari Arti | ||
| 942 | _cBK | ||
| 999 |
_c396822 _d396822 |
||